000 00375 a2200145 4500
001 168319
020 _a
040 _cMagnum
100 _aBastos, Cleverson Leite
240 1 0 _aAprendendo a aprender: introducao a metodologia cientifica
_lpor
245 1 0 _aAprendendo a aprender: introducao a metodologia cientifica
362 0 _a1899
697 _aENSINO
942 _cBK
999 _c168319
_d168319